| 000 | 00706nam a2200181Ia 4500 | ||
|---|---|---|---|
| 008 | 100921s9999 xx 000 0 und d | ||
| 082 |
_b10778 _a320 थ 51 |
||
| 100 | _aगुप्ते भालचंद्र महेश्वर. | ||
| 245 | _aहिंदी राज्यघटना. | ||
| 260 |
_bगुप्ते भालचंद्र महेश्वर,पुणे. _c1951 |
||
| 300 |
_a356 _b--- |
||
| 365 | _b8 | ||
| 520 | _aस.शा.राज्यशास्त्र. | ||
| 630 | _aहिंदी राज्यघटना. | ||
| 650 | _aस.शा.राज्यशास्त्र. | ||
| 730 | _aहिंदी राज्यघटना. | ||
| 942 | _cBOOK | ||
| 999 |
_c759891 _d759888 |
||